| 000 | 00481nam a22001457a 4500 | ||
|---|---|---|---|
| 020 | _a978-1-4075-2576-1 | ||
| 082 |
_a823 _bGRA/H |
||
| 100 | _aBETH BEECHWOOD AND N.B.GRACE | ||
| 245 |
_aHIGH SCHOOL MUSICAL _bGET YOUR VOTE ON |
||
| 260 |
_aUNITED KINGDOM _bPARAGGON _c2008 |
||
| 300 | _a126 | ||
| 520 | _aWHO WILL WIN THIS BATTLE OF BALLET BOX AND WILL THE POLITICAL CAMPAINGNING BREAK UP FRIENDSHIPS ALONG THE WAY? | ||
| 650 |
_aSTORIES FROM EAST HIGH 8 _zUNITED KINGDOM |
||
| 942 | _cBK | ||
| 999 |
_c432 _d432 |
||